000
00311nam a2200133Ia 4500
005
20260328104332.0
008
260328s9999||||xx |||||||||||||| ||und||
100
_a
Walkin, David
245
0
_a
Moral y Arquitectura /
_c
David Walkin
260
_b
Tusquets
300
_a
163 p.
650
_a
TEORIA
942
_c
BK
999
_c
11745
_d
11745